Statistics for Formula 1 Team Quiz - Red Bull

Click here to take the quiz!

General Stats

  • This quiz has been taken 70 times
  • The average score is 13 of 14

Answer Stats

HintAnswer% Correct
2022Max Verstappen
99%
2021Max Verstappen
99%
2023Max Verstappen
99%
Number of CWC6
97%
2010Sebastian Vettel
96%
2011Sebastian Vettel
96%
2012Sebastian Vettel
96%
2013Sebastian Vettel
96%
Best Result1st
93%
Best Grid Position1st
93%
Nation FoundedAustria
93%
First Year Raced2005
91%
First Grand PrixAustralia
79%
FounderDietrich Mateschitz
46%

Score Distribution

Percentile by Number Answered

Percent of People with Each Score

Your Score History

You have not taken this quiz